[Event "Wch U08"]
[Site "Montesilvano"]
[Date "2024.11.24"]
[Round "9"]
[White "Charyyev, Charyhekim"]
[Black "Czachurski, Ignacy"]
[Result "1-0"]
[WhiteElo "1589"]
[BlackElo "1672"]
[PlyCount "127"]
[EventDate "2024.11.15"]
[EventType "swiss"]
[EventRounds "11"]
[EventCountry "ITA"]
[SourceTitle "CB48_2024"]
[SourceDate "2024.11.28"]
[SourceVersion "1"]
[SourceVersionDate "2024.11.28"]
[SourceQuality "1"]

1. e4 c5 2. Nf3 e6 3. Nc3 Nc6 4. d3 Nf6 5. Be2 d5 6. 0-0 d4 7. Nb1 a6 8. a4 Bd6 9. Na3 Bc7 10. Bd2 h6 11. Nc4 g5 12. Ne1 Ne5 13. Nxe5 Bxe5 14. f4 gxf4 15. Bxf4 Bxf4 16. Rxf4 e5 17. Rf2 Be6 18. h3 Nd7 19. Nf3 Rg8 20. Kh1 Qf6 21. Qf1 Qg7 22. Nh4 0-0-0 23. Nf5 Bxf5 24. Rxf5 Rdf8 25. Bh5 f6 26. g4 Qh7 27. h4 Kb8 28. Qf3 Rc8 29. b3 Qe7 30. Rf1 Qd6 31. Qe2 Qb6 32. R1f2 Qb4 33. Bf7 Rg7 34. Be6 b5 35. axb5 axb5 36. Rxf6 Nxf6 37. Bxc8 Qa3 38. Rxf6 Qc1+ 39. Rf1 Qb2 40. Ba6 c4 41. bxc4 h5 42. g5 Qa3 43. Bxb5 Qe7 44. Qf3 Kc7 45. Qf6 Qxf6 46. Rxf6 Kd8 47. Rf5 Ke7 48. Rxe5+ Kf7 49. g6+ Kf6 50. Rf5+ Ke6 51. Be8 Ra7 52. Rf7 Ra1+ 53. Kg2 Rd1 54. g7 Rd2+ 55. Rf2 Rd1 56. g8Q+ Kd6 57. Rf6+ Kc5 58. Qd5+ Kb4 59. Rb6+ Kc3 60. Qa5+ Kxc2 61. Qa4+ Kd2 62. Rb2+ Ke1 63. Qb4+ Rd2+ 64. Qxd2# 1-0

[Event "GEO World Cup-B U08"]
[Site "Batumi"]
[Date "2024.06.25"]
[Round "3"]
[White "Nayanakheshan, Venukanan"]
[Black "Charyyev, Charyhekim"]
[Result "1/2-1/2"]
[WhiteElo "1545"]
[BlackElo "1605"]
[PlyCount "129"]
[EventDate "2024.06.23"]
[EventType "swiss"]
[EventRounds "7"]
[EventCountry "GEO"]
[SourceTitle "EXT 2025"]
[Source "ChessBase"]
[SourceDate "2024.10.14"]
[SourceVersion "1"]
[SourceVersionDate "2024.10.14"]
[SourceQuality "1"]

1. e4 g6 2. d4 Bg7 3. f3 d6 4. Be3 c6 5. c3 Nd7 6. Qd2 Qc7 7. Na3 Ngf6 8. g4 b5 9. h4 h5 10. g5 Nh7 11. Ne2 e5 12. 0-0-0 a5 13. dxe5 dxe5 14. Bh3 0-0 15. Qd6 Qxd6 16. Rxd6 b4 17. Nc4 Ba6 18. b3 Bxc4 19. bxc4 Nb8 20. cxb4 axb4 21. Kb2 c5 22. Bxc5 Na6 23. Bb6 Rfe8 24. c5 Bf8 25. Rd5 f6 26. Bd7 Re7 27. c6 fxg5 28. c7 Nxc7 29. Bxc7 Ra7 30. Bxe5 Raxd7 31. Rxd7 Rxd7 32. Nd4 gxh4 33. Rxh4 Be7 34. Rh1 Ng5 35. Rg1 Kf7 36. Re1 Bc5 37. Nb3 Bb6 38. f4 Ne6 39. f5 gxf5 40. exf5 Ng7 41. f6 Nf5 42. Rf1 Ke6 43. Re1 Ne3 44. Bf4 Rd3 45. Bg5 Kf7 46. Nc1 Bd4+ 47. Kb1 Rc3 48. Ne2 Nc2 49. Nxc3 Nxe1 50. Nd5 Nf3 51. Bf4 Bxf6 52. Nxf6 Kxf6 53. Kc2 h4 54. Kb3 Kf5 55. Bb8 h3 56. Bg3 Kg4 57. Bd6 Nd2+ 58. Kxb4 Ne4 59. Bh2 Ng3 60. a4 Nf1 61. Bg1 Kg3 62. a5 Kg2 63. a6 Kxg1 64. a7 h2 65. a8Q 1/2-1/2

[Event "GEO World Cup-B U08"]
[Site "Batumi"]
[Date "2024.06.23"]
[Round "1"]
[White "Enkhmandal, Bayaraa"]
[Black "Charyyev, Charyhekim"]
[Result "1/2-1/2"]
[WhiteElo "1592"]
[BlackElo "1605"]
[PlyCount "87"]
[EventDate "2024.06.23"]
[EventType "swiss"]
[EventRounds "7"]
[EventCountry "GEO"]
[SourceTitle "EXT 2025"]
[Source "ChessBase"]
[SourceDate "2024.10.14"]
[SourceVersion "1"]
[SourceVersionDate "2024.10.14"]
[SourceQuality "1"]

1. e4 g6 2. d4 Bg7 3. f4 d6 4. Nf3 Bg4 5. Be3 c6 6. h3 Bxf3 7. Qxf3 Qb6 8. Nd2 Nf6 9. b3 Nbd7 10. c4 c5 11. dxc5 Nxc5 12. Rb1 Qc7 13. Be2 0-0 14. 0-0 Ncd7 15. g4 Kh8 16. Qg2 Nb8 17. g5 Nfd7 18. Nf3 Nc6 19. Rbd1 f5 20. exf5 Rxf5 21. Rd5 Raf8 22. h4 Nb6 23. Rb5 Rxb5 24. cxb5 Nd8 25. Nh2 Nf7 26. Ng4 Qd7 27. Qh2 e5 28. fxe5 dxe5 29. Nf6 Bxf6 30. Rxf6 Nd5 31. Bc5 Nxf6 32. Bxf8 Ne4 33. Qg2 Qd4+ 34. Kh2 Nc3 35. Bg4 Qf4+ 36. Kh1 Qc1+ 37. Qg1 Qf4 38. Qg2 Qc1+ 39. Kh2 Qf4+ 40. Kh1 Qc1+ 41. Kh2 Qf4+ 42. Kh1 Qc1+ 43. Kh2 Qf4+ 44. Kh1 1/2-1/2